| 000 | 01198nam a22002417a 4500 | ||
|---|---|---|---|
| 003 | OSt | ||
| 005 | 20210216152011.0 | ||
| 008 | 210216s2005 ck ad||gr|||| 00| 0 spa d | ||
| 020 | _a9589759661 | ||
| 040 |
_aCO-JMCR _cCO-JMCR |
||
| 041 | 0 | _aspa | |
| 082 | 0 | 4 |
_a338.9861 / _bI438h _223 |
| 245 | 1 | 0 |
_aHacia una Colombia equitativa e incluyente : _binforme de Colombia : objetivos de desarrollo del milenio |
| 250 | _aPrimera edición | ||
| 260 |
_aBogotá : _bDepartamento Nacional de Planeación, _c2006 |
||
| 300 |
_a233 páginas : _bilustraciones, gráficas a color ; _c28 cm. |
||
| 500 | _aIncluye índice de cuadros, gráficos y estadísticos. | ||
| 505 | _aLa pobreza -- Lograr la educación básica universal -- Promover la igualdad entre los géneros y la autonomía de la mujer -- reducir la mortalidad infantil -- Mejorar la salud sexual y reproductiva -- Combatir el VIH- sida, la malaria y el dengue -- Garantizar la sostenibilidad ambiental -- Fomentar una alianza mundial para el desarrollo -- Cuadros totales | ||
| 650 | 2 | 4 |
_aPobreza _zColombia _913540 |
| 650 | 2 | 4 |
_aCondiciones sociales _zColombia _96840 |
| 650 | 2 | 4 |
_aCondiciones económicas _zColombia _96839 |
| 942 |
_2ddc _cBK |
||
| 999 |
_c7206 _d7206 |
||